| 000 | 00479nam a22001097a 4500 | ||
|---|---|---|---|
| 999 |
_c23696 _d23696 |
||
| 003 | NUST | ||
| 005 | 20170607125515.0 | ||
| 008 | 140101b xxu||||| |||| 00| 0 eng d | ||
| 020 | _cAvailable | ||
| 040 |
_aDLC _bDLC _cRCMS |
||
| 082 |
_a570 DEF _b002524 |
||
| 100 |
_aDepartment of Defense _92150 |
||
| 245 |
_aMilitary Standard Procedures of Performance a Failure Mode, Effect and Critical Analysis Department of Defence _cDepartment of Defense |
||
| 260 |
_aUSA _bDepartment of Defense _c1 April 1987 |
||
| 300 |
_a50 ,p: _bill: _c30,cm |
||
| 538 | _iShelf No 1 Row No 3 | ||
| 650 |
_aEngineering Standard _92167 |
||
| 856 | _3Table of Content Only | ||
| 942 |
_2ddc _cBK |
||